|
|
|
|
| LEADER |
03872pam a2200481 a 4500 |
| 001 |
AAL8353 |
| 003 |
BD-DhAAL |
| 005 |
20160726141042.0 |
| 008 |
160412s1996 xna 000 1 eng d |
| 020 |
|
|
|a 9780751538915
|
| 020 |
|
|
|a 1863252053
|
| 035 |
|
|
|a 1479378
|
| 040 |
|
|
|a ANB:REV
|b eng
|c ANB:REV
|d ANL
|d BD-DhAAL
|
| 082 |
0 |
4 |
|a 813.54
|2 21
|
| 100 |
1 |
|
|a Sparks, Nicholas.
|9 19087
|
| 245 |
1 |
4 |
|a The notebook /
|c Nicholas Sparks.
|
| 250 |
|
|
|a New ed.
|
| 260 |
|
|
|a Sydney :
|a Sydney :
|b Sphere,
|b Bantam Books,
|c 1996.
|
| 300 |
|
|
|a 256 ;
|c 18 cm.
|
| 541 |
|
|
|e 8353
|
| 650 |
|
0 |
|a Man-woman relationships
|z North Carolina
|x Fiction.
|9 19088
|
| 650 |
|
0 |
|a Oral reading
|x Fiction.
|9 19089
|
| 650 |
|
0 |
|a Older people
|x Fiction.
|9 19090
|
| 655 |
|
7 |
|a Love stories.
|2 gsafd
|9 20219
|
| 852 |
|
|
|a Savar Campus Library
|c General Shelf
|
| 942 |
|
|
|2 ddc
|c BK
|
| 999 |
|
|
|c 37427
|d 37427
|
| 952 |
|
|
|0 0
|1 0
|2 ddc
|4 0
|6 813_540000000000000_SPA
|7 0
|9 58759
|a SCL
|b SCL
|c GEN
|d 2016-04-12
|e Gift:
|l 17
|m 70
|o 813.54 SPA
|p 3020008353
|r 2022-11-14
|s 2022-11-06
|t 1
|w 2016-04-12
|y BK
|
| 952 |
|
|
|0 0
|1 0
|2 ddc
|4 0
|6 813_540000000000000_SPA
|7 0
|9 59372
|a SCL
|b SCL
|c GEN
|d 2016-07-21
|e Tajin Boi Gar
|g 80.00
|l 12
|m 67
|o 813.54 SPA
|p 3020008706
|r 2022-11-27
|s 2022-11-18
|t 2
|w 2016-07-21
|y BK
|
| 952 |
|
|
|0 0
|1 0
|2 ddc
|4 0
|6 813_540000000000000_SPA
|7 0
|9 59436
|a SCL
|b SCL
|c GEN
|d 2016-07-24
|e Tajin Boi Gar
|g 80.00
|l 13
|m 72
|o 813.54 SPA
|p 3020008707
|r 2020-03-10
|s 2020-01-16
|t 3
|w 2016-07-24
|y BK
|
| 952 |
|
|
|0 0
|1 0
|2 ddc
|4 0
|6 813_540000000000000_SPA
|7 0
|9 59462
|a SCL
|b SCL
|c GEN
|d 2016-07-26
|e Tajin Boi Gar
|g 80.00
|l 11
|m 62
|o 813.54 SPA
|p 3020008708
|r 2020-03-01
|s 2020-01-16
|t 4
|w 2016-07-26
|y BK
|
| 952 |
|
|
|0 0
|1 0
|2 ddc
|4 0
|6 813_540000000000000_SPA
|7 0
|9 60303
|a SCL
|b SCL
|c GEN
|d 2017-04-19
|e Tajin Boi Ghar
|g 70.00
|l 17
|m 75
|o 813.54 SPA
|p 3020008852
|r 2025-09-13
|s 2025-09-10
|t 5
|w 2017-04-19
|y BK
|
| 952 |
|
|
|0 0
|1 0
|2 ddc
|4 0
|6 813_540000000000000_SPA
|7 0
|9 60304
|a SCL
|b SCL
|c GEN
|d 2017-04-19
|e Tajin Boi Ghar
|g 70.00
|l 13
|m 54
|o 813.54 SPA
|p 3020008853
|r 2022-07-23
|s 2022-07-21
|t 6
|w 2017-04-19
|y BK
|
| 952 |
|
|
|0 0
|1 0
|2 ddc
|4 0
|6 813_540000000000000_SPA
|7 0
|9 60305
|a SCL
|b SCL
|c GEN
|d 2017-04-19
|e Tajin Boi Ghar
|g 70.00
|l 10
|m 50
|o 813.54 SPA
|p 3020008854
|r 2020-03-10
|s 2020-01-16
|t 7
|w 2017-04-19
|y BK
|
| 952 |
|
|
|0 0
|1 0
|2 ddc
|4 0
|6 813_540000000000000_SPA
|7 0
|9 60306
|a SCL
|b SCL
|c GEN
|d 2017-04-19
|e Tajin Boi Ghar
|g 70.00
|l 15
|m 71
|o 813.54 SPA
|p 3020008855
|r 2025-07-03
|s 2025-06-21
|t 8
|w 2017-04-19
|y BK
|
| 952 |
|
|
|0 0
|1 0
|2 ddc
|4 0
|6 813_540000000000000_SPA
|7 0
|9 60307
|a SCL
|b SCL
|c GEN
|d 2017-04-19
|e Tajin Boi Ghar
|g 70.00
|l 14
|m 56
|o 813.54 SPA
|p 3020008856
|r 2026-04-29
|s 2026-04-24
|t 9
|w 2017-04-19
|y BK
|
| 952 |
|
|
|0 0
|1 0
|2 ddc
|4 0
|6 813_540000000000000_SPA
|7 0
|9 61212
|a SCL
|b SCL
|c GEN
|d 2017-09-14
|e Tajin Boi Ghar
|g 100.00
|l 11
|m 46
|o 813.54 SPA
|p 3020009289
|r 2020-03-07
|s 2020-01-16
|t 10
|w 2017-09-14
|y BK
|
| 952 |
|
|
|0 0
|1 0
|2 ddc
|4 0
|6 813_540000000000000_SPA
|7 0
|9 61213
|a SCL
|b SCL
|c GEN
|d 2017-09-14
|e Tajin Boi Ghar
|g 100.00
|l 14
|m 53
|o 813.54 SPA
|p 3020009290
|r 2025-07-07
|s 2025-06-21
|t 11
|w 2017-09-14
|y BK
|
| 952 |
|
|
|0 0
|1 0
|2 ddc
|4 0
|6 813_540000000000000_SPA
|7 0
|9 61214
|a SCL
|b SCL
|c GEN
|d 2017-09-14
|e Tajin Boi Ghar
|g 100.00
|l 10
|m 53
|o 813.54 SPA
|p 3020009291
|r 2025-02-19
|s 2025-02-14
|t 12
|w 2017-09-14
|y BK
|
| 952 |
|
|
|0 0
|1 0
|2 ddc
|4 0
|6 813_540000000000000_SPA
|7 0
|9 61215
|a SCL
|b SCL
|c GEN
|d 2017-09-14
|e Tajin Boi Ghar
|g 100.00
|l 15
|m 48
|o 813.54 SPA
|p 3020009292
|r 2024-12-17
|s 2024-12-14
|t 13
|w 2017-09-14
|y BK
|
| 952 |
|
|
|0 0
|1 0
|2 ddc
|4 0
|6 813_540000000000000_SPA
|7 0
|9 61216
|a SCL
|b SCL
|c GEN
|d 2017-09-14
|e Tajin Boi Ghar
|g 100.00
|l 9
|m 60
|o 813.54 SPA
|p 3020009293
|r 2020-03-07
|s 2020-01-22
|t 14
|w 2017-09-14
|y BK
|
| 952 |
|
|
|0 0
|1 0
|2 ddc
|4 0
|6 813_540000000000000_SPA
|7 0
|9 61217
|a SCL
|b SCL
|c GEN
|d 2017-09-14
|e Tajin Boi Ghar
|g 100.00
|l 9
|m 47
|o 813.54 SPA
|p 3020009294
|r 2020-03-10
|s 2020-01-16
|t 15
|w 2017-09-14
|y BK
|
| 952 |
|
|
|0 0
|1 0
|2 ddc
|4 0
|6 813_540000000000000_SPA
|7 0
|9 61218
|a SCL
|b SCL
|c GEN
|d 2017-09-14
|e Tajin Boi Ghar
|g 100.00
|l 9
|m 46
|o 813.54 SPA
|p 3020009295
|r 2020-03-16
|s 2020-01-16
|t 16
|w 2017-09-14
|y BK
|